| 000 | 00418 a2200133 4500 | ||
|---|---|---|---|
| 005 | 20250618115124.0 | ||
| 020 | _a978-9976-78-087-1 | ||
| 082 | _a174.4 NBA | ||
| 111 | _aNational Board of Accountants and Auditors | ||
| 245 | _aManagement, Governance and Ethics Study Text B6 | ||
| 260 |
_aDar es Salaam, _bNational Board of Accountants and Auditors _c2019 |
||
| 300 |
_avi,292p.:ill.;Diagram _c29.5cm |
||
| 942 |
_2ddc _cBKS |
||
| 999 |
_c4289 _d4289 |
||